000 01040nas a2200337 4500
001 BR2011002446
003 BR-BrBNA
005 20231205115323.0
007 ta
008 230509b bl.|||p| |||| 00| 00por d
040 _aBR-BrBNA
_bpor
_cBiblioteca Nacional de Agricultura
041 _a(Pt)
072 _aF04; F62
100 1 _aMedeiros, D.C. de
100 1 _aLima, B.A.B. de
100 1 _aBarbosa, M.R.
100 1 _aAnjos, R.S.B. dos
100 1 _aBorges, R.D.
100 1 _aCavalcante Neto, J.G.
100 1 _aMarques, L.F.
245 1 _aProdução de mudas de alface com biofertilizantes e substratos
650 _aALFACE
650 _aLACTUCA SATIVA
650 _aBIOFERTILIZANTE
650 _aMUDA
650 _aPRODUÇÃO VEGETAL
773 0 _tHorticultura Brasileira (Brazil)
_xISSN 0102-0536
_g(Jul-Sep 2007), v. 25(3) p. 433-436
_wBR2011002446
856 4 _uhttp://www.scielo.br/pdf/hb/v25n3/a21v25n3.pdf
_yRecurso eletrônico (PDF)
909 _a202311
_bLúcia
_c55
_dLúcia Elande
942 _2AGRIS
_n0
_cANA
999 _c213202
_d213202